| 000 | 00597nam a2200157Ia 4500 | ||
|---|---|---|---|
| 008 | 090711s9999 xx 000 0 und d | ||
| 082 | _b63945 | ||
| 100 | _aकर्णिक रमेश | ||
| 245 | _aतुमSाी जन्मकुंडली आणि तुम्ही | ||
| 260 | _c1989 | ||
| 600 | _aकर्णिक रमेश | ||
| 630 | _aतुमSाी जन्मकुंडली आणि तुम्ही | ||
| 700 | _aकर्णिक रमेश | ||
| 730 | _aतुमSाी जन्मकुंडली आणि तुम्ही | ||
| 942 | _cBOOK | ||
| 999 |
_c308072 _d308072 |
||